Statistiques concernant Aliments commençant par O

Cliquez ici pour prendre le quiz!

Statistiques générales

  • Ce quiz a été pris 1 212 fois
  • Le résultat moyen est 10 sur 16

Statistiques - réponses

Réponse% Correct
Orange
100%
Oeuf
99%
Olive
98%
Oreo
98%
Oignon
97%
Omelette
95%
Oursin
82%
Origan
73%
Ortie
64%
Opéra
44%
Orge
41%
Onglet
27%
Osso bucco
23%
Oseille
16%
Ormeau
11%
Oranais
8%

Distribution des résultats

Percentile par nombre de réponses

% des personnes avec chaque résultat

Votre développement - résultats

Vous n’avez pas pris ce quiz